logo

Bir Sreshtho Munshi Abdur Rouf Library
Jhenaidah Cadet College

অবিশ্বাস্য / (Record no. 3021)

MARC details
000 -LEADER
fixed length control field 00660nam a2200217 a 4500
001 - CONTROL NUMBER
JCCL Control Number 3021
003 - CONTROL NUMBER IDENTIFIER
JCCL marc code BD-JhCC
005 - DATE AND TIME OF LATEST TRANSACTION
control field 20171109125904.0
008 - FIXED-LENGTH DATA ELEMENTS--GENERAL INFORMATION
fixed length control field 171109s1366 bg |||| ||a| 00| 0 ben d
035 ## - SYSTEM CONTROL NUMBER
system control number (BD-JhCC)3021
040 ## - CATALOGING SOURCE
Original cataloging agency BD-JhCC
Modifying agency BD-JhCC
041 ## - LANGUAGE CODE
Language code of Book ben
082 ## - DEWEY DECIMAL CLASSIFICATION NUMBER
Classification number 891.443
Author mark and Year ALI 1366
100 ## - MAIN ENTRY--PERSONAL NAME
Personal name আলী, সৈয়দ মুজতবা
245 ## - TITLE STATEMENT
Title অবিশ্বাস্য /
Statement of responsibility, etc সৈয়দ মুজতবা আলী
260 ## - PUBLICATION, DISTRIBUTION, ETC. (IMPRINT)
Place of publication, distribution, etc ঢাকা :
Name of publisher, distributor, etc ষ্টান্ডার্ড পাবলিশার্স,
Date of publication, distribution, etc 1366.
300 ## - PHYSICAL DESCRIPTION
Pagination 192 p. :
Dimensions 18 p.
650 ## - SUBJECT ADDED ENTRY--TOPICAL TERM
Topical term or geographic name as entry element Bengli novel
942 ## - ADDED ENTRY ELEMENTS (KOHA)
Source of classification or shelving scheme Dewey Decimal Classification
Koha item type Books
Holdings
Source of classification or shelving scheme Damaged status Not for loan Home library Current library Shelving location Date of accession Cost, normal purchase price Total Checkouts Full call number Barcode Date last seen Date checked out Copy number Koha item type
Dewey Decimal Classification     JCC Rouf Library JCC Rouf Library General Stacks 11/18/2024 3.00 1 891.443 ALI 1366 4907 07/02/2025 11/18/2024 C-1 Books

JCC Library | Contacts | JCC Home

Last Update on 23 September 2017
Copyright @ 2017-2020 JCC Rouf Library
Rouf Library, Jhenidah Cadet College (JCC), Bangladesh